书目信息 |
| 题名: |
兔病诊断及其防治
|
|
| 作者: | 彭嘉瑜 编 | |
| 分册: | ||
| 出版信息: | 北京 农业出版社 1959 |
|
| 页数: | 55页 | |
| 开本: | 20cm | |
| 丛书名: | ||
| 单 册: | ||
| 中图分类: | S829.1 | |
| 科图分类: | ||
| 主题词: | 家畜 | |
| 电子资源: | ||
| ISBN: | ||
| 000 | 00544nam0 2200205 450 | |
| 001 | 0640234953 | |
| 005 | 20060419111257.23 | |
| 010 | @dCNY0.20 | |
| 091 | @a16144.695 | |
| 100 | @a20060419d1959 km y0chiy0120 ea | |
| 101 | 0 | @achi |
| 102 | @aCN@b110000 | |
| 200 | 1 | @a兔病诊断及其防治@Atu bing zhen duan ji qi fang zhi@f彭嘉瑜编@Fpeng jia yu bian |
| 210 | @a北京@c农业出版社@d1959 | |
| 215 | @a55页@d20cm | |
| 606 | 0 | @a家畜 |
| 690 | @aS829.1@v3 | |
| 701 | 0 | @a彭嘉瑜@Apeng jia yu@4编 |
| 801 | 0 | @aCN@bPFT@c20060419 |
| 905 | @a10447@dS829.1@e1 | |
| 兔病诊断及其防治/彭嘉瑜编.-北京:农业出版社,1959 |
| 55页;20cm |
| ISBN :CNY0.20 |
| ● |
| 相关链接 |
|
|
|
|
正题名:兔病诊断及其防治
索取号:S829.1/1
 
预约/预借
| 序号 | 登录号 | 条形码 | 馆藏地/架位号 | 状态 | 备注 |
| 1 | 0016400 | 000884261 | 密集书库/ [索取号:S829.1/1] | 在馆 |